000 01085nam a2200229 a 4500
001 BRCA_7061
005 20190320205710.0
008 031211s2011----mx-a######---#000-0#spa-#
020 _a9786079513443
041 _aspa
050 4 _bP53 2011
245 1 0 _aPlaza de la República
_brestauración y rehabilitacíón de la Plaza de la República y Monumento a la Revolución = The Square of the Republic and the Monument to the Revolution : Restoration and Rehabilitation
_ctextos Felipe Leal... [et al.] ; fotografía Nicola Lorusso ; edición Martha León.
260 _aMéxico
_bAutoridad del Espacio Público / Gobierno del Distrito Federal ; Contornos Promotora Cultural
_c2011
300 _a179 p.
_bil. (algunas a color)
_c28 cm.
546 _aTexto en: español e inglés
650 1 4 _aMonumentos nacionales
_xRestauración
_zMéxico
_917550
700 1 _aLeal, Felipe
_917551
700 1 _aLorusso, Nicola
_917552
700 1 _aLeón, Martha
_917553
740 0 _aThe Square of the Republic and the Monument to the Revolution : Restoration and Rehabilitation
942 _2lcc
_cB
999 _c6742
_d6742